zpět

Detail výsledku týmu

Baarovka, České Budějovice

Datum a čas kvízu

36.5 Celkem bodů Celkový počet nahraných bodů na tomto kvízu bez doplňovacích otázek.
4. Pořadí na kvízu Konečné umístění týmu na tomto kvízu.

Zaznamenané odpovědi

# Otázka Odpověď Body Výsledky
1. Jak se nazývá uhelná elektrárn... Chvaletice 1
2. Evropský parlament si ve střed... David-Maria Sassoli 1
3. Jak se jmenuje film, který na... Otec 1
4. Japonsko po 31 letech obnovilo... komerční lov velryb 1
5. Po zisku domácího titulu i poh... Spartak Trnava, 3:0 1
6. V tomto tématu se vydáme autem... Palác kultury a vědy/Pałac Kultury i Nauki 0
7. Druhý den se vydáme do Vilnius... Adam Mickiewicz 0
8. Z Vilniusu pokračujeme do přím... Kaliningradská oblast 1
9. Z Klajpedy se přesuneme do Rig... secese 1
10. Poslední den se z Rigy vydáme... salmiak 1